书目信息 |
| 题名: |
应用泛函分析原理
|
|
| 作者: | 李广民 , 刘三阳 编著 | |
| 分册: | ||
| 出版信息: | 西安 西安电子科技大学出版社 2003.08 |
|
| 页数: | 232页 | |
| 开本: | 26cm | |
| 丛书名: | 研究生系列教材 | |
| 单 册: | ||
| 中图分类: | O177 | |
| 科图分类: | ||
| 主题词: | 泛函分析--fan han fen xi--研究生--教材 | |
| 电子资源: | ||
| ISBN: | 7-5606-1265-2 | |
| 000 | 00848nam 2200277 450 | |
| 001 | CAL 012003150558 | |
| 005 | 20050701082705.92 | |
| 010 | @a7-5606-1265-2@dCNY 20.00 | |
| 099 | @aCAL 012003150558 | |
| 100 | @a20030929d2003 em y0chiy0121 ea | |
| 101 | 0 | @achi |
| 102 | @aCN@b610000 | |
| 105 | @aa a 000yy | |
| 200 | 1 | @a应用泛函分析原理@Aying yong fan han fen xi yuan li@f李广民, 刘三阳编著 |
| 210 | @a西安@c西安电子科技大学出版社@d2003.08 | |
| 215 | @a232页@c图@d26cm | |
| 225 | 2 | @a研究生系列教材@Ayan jiu sheng xi lie jiao cai |
| 320 | @a有书目 (第232页) | |
| 410 | 0 | @12001 @a研究生系列教材 |
| 606 | 0 | @a泛函分析@Afan han fen xi@x研究生@j教材 |
| 690 | @aO177@v4 | |
| 701 | 0 | @a李广民@Ali guang min@4编著 |
| 701 | 0 | @a刘三阳@Aliu san yang@4编著 |
| 801 | 0 | @aCN@bXJT@c20050701 |
| 905 | @a10447@dO177@eL164 | |
| 998 | @aXJT | |
| 应用泛函分析原理/李广民, 刘三阳编著.-西安:西安电子科技大学出版社,2003.08 |
| 232页:图;26cm.-(研究生系列教材) |
| ISBN 7-5606-1265-2:CNY 20.00 |
| ● |
| 相关链接 |
|
|
|
正题名:应用泛函分析原理
索取号:O177/L164
 
预约/预借
| 序号 | 登录号 | 条形码 | 馆藏地/架位号 | 状态 | 备注 |
| 1 | 538977 | 205389774 | 自科库401/401自科库 45排5列2层/ [索取号:O177/L164] | 在馆 | |
| 2 | 538978 | 205389783 | 自科库401/401自科库 45排5列2层/ [索取号:O177/L164] | 在馆 | |
| 3 | 538979 | 205389792 | 自科库401/401自科库 45排5列2层/ [索取号:O177/L164] | 在馆 |